Kaifiat dan fadilat puasa sunat / (Record no. 1201)

000 -LEADER
fixed length control field nam a22 a 4500
003 - CONTROL NUMBER IDENTIFIER
control field AKMAL
005 - DATE AND TIME OF LATEST TRANSACTION
control field 20170508153535.0
008 - FIXED-LENGTH DATA ELEMENTS--GENERAL INFORMATION
fixed length control field 170508s1994 my 00 may d
020 ## - INTERNATIONAL STANDARD BOOK NUMBER
International Standard Book Number 9839601822 (kkt.):
Terms of availability RM 3.50
040 ## - CATALOGING SOURCE
Original cataloging agency AKMAL
Transcribing agency AKMAL
049 ## - LOCAL HOLDINGS (OCLC)
Holding library mal
082 04 - DEWEY DECIMAL CLASSIFICATION NUMBER
Classification number 297.53 KAI
090 ## - LOCALLY ASSIGNED LC-TYPE CALL NUMBER (OCLC); LOCAL CALL NUMBER (RLIN)
Classification number (OCLC) (R) ; Classification number, CALL (RLIN) (NR) 297.53
Local cutter number (OCLC) ; Book number/undivided call number, CALL (RLIN) KAI
245 ## - TITLE STATEMENT
Title Kaifiat dan fadilat puasa sunat /
Statement of responsibility, etc. penyusun Hanafi Mohamed
260 ## - PUBLICATION, DISTRIBUTION, ETC.
Place of publication, distribution, etc. Kuala Lumpur :
Name of publisher, distributor, etc. Dinie Publishers,
Date of publication, distribution, etc. 1994
300 ## - PHYSICAL DESCRIPTION
Extent iv, 60ms. ;
Dimensions 20cm
500 ## - GENERAL NOTE
General note Mengandungi ayat-ayat Quran
650 ## - SUBJECT ADDED ENTRY--TOPICAL TERM
Topical term or geographic name entry element Fasting
General subdivision Religious aspects
-- Islam
9 (RLIN) 2422
650 ## - SUBJECT ADDED ENTRY--TOPICAL TERM
Topical term or geographic name entry element Pillars of Islam
9 (RLIN) 893
700 0# - ADDED ENTRY--PERSONAL NAME
Personal name Hanafi Mohamed,
Dates associated with a name 1958-
9 (RLIN) 2281
942 ## - ADDED ENTRY ELEMENTS (KOHA)
Source of classification or shelving scheme
Koha item type Book
Holdings
Withdrawn status Lost status Source of classification or shelving scheme Damaged status Not for loan Collection code Home library Current library Date acquired Inventory number Total Checkouts Full call number Barcode Date last seen Price effective from Koha item type
          NON-FICTION AKMAL Melaka AKMAL Melaka 08.05.2017 200758   297.53 KAI 201702307 08.05.2017 08.05.2017 Book
          NON-FICTION AKMAL Melaka AKMAL Melaka 08.05.2017 200759   297.53 KAI 201702300 08.05.2017 08.05.2017 Book
Pusat Sumber Maklumat Dato' Haji Sarmin Md Hussin, Akademi Kastam Diraja Malaysia, Melaka
Tel: 06-2331106 | Faks: 06-2313787